Nő, pornó, performansz Annie Sprinkle: The Post-Porn-Modernist Show /

Elmentve itt :
Bibliográfiai részletek
Szerző: Kérchy Anna
Dokumentumtípus: Cikk
Megjelent: 2002
Sorozat:LEGKISEBB KÖZÖS TÖBBSZÖRÖS: A KOLOZSVÁRI LÁTHATATLAN KOLLÉGIUM ELMÉLETI FOLYÓIRATA 3 No. 12
mtmt:2026662
Online Access:http://publicatio.bibl.u-szeged.hu/21643
LEADER 00693nab a2200181 i 4500
001 publ21643
005 20210611112053.0
008 210611s2002 hu o 0|| zxx d
022 |a 1582-0092 
024 7 |a 2026662  |2 mtmt 
040 |a SZTE Publicatio Repozitórium  |b hun 
041 |a zxx 
100 1 |a Kérchy Anna 
245 1 0 |a Nő, pornó, performansz  |h [elektronikus dokumentum] :  |b Annie Sprinkle: The Post-Porn-Modernist Show /  |c  Kérchy Anna 
260 |c 2002 
300 |a 56-62 
490 0 |a LEGKISEBB KÖZÖS TÖBBSZÖRÖS: A KOLOZSVÁRI LÁTHATATLAN KOLLÉGIUM ELMÉLETI FOLYÓIRATA  |v 3 No. 12 
856 4 0 |u http://publicatio.bibl.u-szeged.hu/21643/1/Lkkt_AnnieSprinkle_2026662.pdf  |z Dokumentum-elérés